2026 NFL Awards - Statistics

General Stats
  • This quiz has been taken 112 times
  • The average score is 10 of 17
Answer Stats
Award Player % Correct
MVP Matthew Stafford
100%
Defensive Player of the Year Myles Garrett
94%
Deacon Jones Sack Award Myles Garrett
94%
Offensive Player of the Year Jaxon Smith-Njigba
88%
Offensive Rookie of the Year Tetairoa McMillan
79%
Comeback Player of the Year Christian McCaffrey
72%
Coach of the Year Mike Vrabel
72%
Hall of Famer Drew Brees
60%
Defensive Rookie of the Year Carson Schwesinger
56%
Protector of the Year Joe Thuney
52%
Walter Payton Man of the year Bobby Wagner
47%
Hall of Famer Larry Fitzgerald
47%
Hall of Famer Luke Kuechly
39%
Hall of Famer Adam Vinatieri
33%
Jim Brown Award James Cook
29%
Hall of Famer Roger Craig
24%
Art Rooney Award Budda Baker
10%
No matching quizzes found
Score Distribution
Percent of People with Each Score
Percentile by Number Answered
Your Score History
You have not taken this quiz